000 00663nam a2200229 a 4500
008
020 _a0856641944 (hbk)
049 _aMAIN
090 _aHD6961
100 1 _aJackson, Michael Peart.
245 1 0 _aIndustrial relations :
_ba textbook /
_cMichael Jackson.
260 _aLondon :
_bCroom Helm,
_cc1977.
300 _a281 p. ;
_c23 cm.
504 _aIncludes bibliographical references.
500 _aIncludes index.
650 0 _aIndustrial relations
_zGreat Britain.
907 _a.b10037809
_b23-02-07
_c17-04-03
003
005 20230123133203.0
040 _cNUST
942 _cBOOKS
_kHD6961
999 _c144241
_d144241